[Event "Baden-ch op U1600"]
[Site "Birkenfeld"]
[Date "2013.06.02"]
[Round "7"]
[White "Schneider, Artur"]
[Black "Streeb, Pascal"]
[Result "0-1"]
[WhiteElo "1494"]
[BlackElo "1515"]
[PlyCount "58"]
[EventDate "2013.05.30"]
[EventType "swiss"]
[EventRounds "7"]
[EventCountry "GER"]
[SourceTitle "EXT 2014"]
[Source "ChessBase"]
[SourceDate "2013.11.20"]
[SourceVersion "1"]
[SourceVersionDate "2013.11.20"]
[SourceQuality "1"]

1. d4 d5 2. c4 e6 3. Nc3 Nf6 4. Nf3 c5 5. e3 Nc6 6. Bd3 dxc4 7. Bxc4 a6 8. a4 cxd4 9. exd4 Be7 10. 0-0 0-0 11. Re1 Nb4 12. Qb3 Nc6 13. d5 Na5 14. Qa2 Nxc4 15. Qxc4 Nxd5 16. Nxd5 exd5 17. Qd4 Be6 18. Bf4 Rc8 19. Qe3 Bf6 20. Nd4 Re8 21. Be5 Bxe5 22. Qxe5 Qc7 23. Qe3 Bd7 24. Qf3 Rxe1+ 25. Rxe1 Qa5 26. Qe3 Qxa4 27. b3 Qb4 28. Qe5 Kf8 29. Nf3 Re8 0-1